<?xml version="1.0" encoding="UTF-8"?>
<record
    xmlns:xsi="http://www.w3.org/2001/XMLSchema-instance"
    xsi:schemaLocation="http://www.loc.gov/MARC21/slim http://www.loc.gov/standards/marcxml/schema/MARC21slim.xsd"
    xmlns="http://www.loc.gov/MARC21/slim">

  <leader>00322nam a22001457a 4500</leader>
  <controlfield tag="003">SGT</controlfield>
  <datafield tag="082" ind1=" " ind2=" ">
    <subfield code="a">615.4</subfield>
    <subfield code="b">A16B</subfield>
  </datafield>
  <datafield tag="100" ind1=" " ind2=" ">
    <subfield code="a">BANERJEE, D.D.</subfield>
  </datafield>
  <datafield tag="245" ind1=" " ind2=" ">
    <subfield code="a">AUGMENTED TEXT BOOK OF HOMEOPATHIC PHARMACY</subfield>
  </datafield>
  <datafield tag="250" ind1=" " ind2=" ">
    <subfield code="a">2ND</subfield>
  </datafield>
  <datafield tag="260" ind1=" " ind2=" ">
    <subfield code="a">INDIA</subfield>
    <subfield code="b">B.JAIN PUB</subfield>
    <subfield code="c">2016</subfield>
  </datafield>
  <datafield tag="300" ind1=" " ind2=" ">
    <subfield code="a">671</subfield>
  </datafield>
  <datafield tag="650" ind1=" " ind2=" ">
    <subfield code="a">HOMEOPATHIC</subfield>
  </datafield>
  <datafield tag="942" ind1=" " ind2=" ">
    <subfield code="2">ddc</subfield>
    <subfield code="c">BK</subfield>
  </datafield>
  <datafield tag="952" ind1=" " ind2=" ">
    <subfield code="0">0</subfield>
    <subfield code="1">0</subfield>
    <subfield code="2">ddc</subfield>
    <subfield code="4">0</subfield>
    <subfield code="7">0</subfield>
    <subfield code="a">FH</subfield>
    <subfield code="b">FH</subfield>
    <subfield code="c">TXT</subfield>
    <subfield code="d">2020-07-15</subfield>
    <subfield code="e">AHUJA PUB</subfield>
    <subfield code="g">325.00</subfield>
    <subfield code="i">SGTU</subfield>
    <subfield code="l">0</subfield>
    <subfield code="o">615.4 A16B</subfield>
    <subfield code="p">FH1211</subfield>
    <subfield code="r">2020-07-15 00:00:00</subfield>
    <subfield code="w">2016-08-09</subfield>
    <subfield code="y">BK</subfield>
    <subfield code="k">7135</subfield>
  </datafield>
  <datafield tag="952" ind1=" " ind2=" ">
    <subfield code="0">0</subfield>
    <subfield code="1">0</subfield>
    <subfield code="2">ddc</subfield>
    <subfield code="4">0</subfield>
    <subfield code="7">0</subfield>
    <subfield code="a">FH</subfield>
    <subfield code="b">FH</subfield>
    <subfield code="c">TXT</subfield>
    <subfield code="d">2020-07-15</subfield>
    <subfield code="e">AHUJA PUB</subfield>
    <subfield code="g">325.00</subfield>
    <subfield code="i">SGTU</subfield>
    <subfield code="l">0</subfield>
    <subfield code="o">615.4 A16B</subfield>
    <subfield code="p">FH1212</subfield>
    <subfield code="r">2020-07-15 00:00:00</subfield>
    <subfield code="w">2016-08-09</subfield>
    <subfield code="y">BK</subfield>
    <subfield code="k">7135</subfield>
  </datafield>
  <datafield tag="952" ind1=" " ind2=" ">
    <subfield code="0">0</subfield>
    <subfield code="1">0</subfield>
    <subfield code="2">ddc</subfield>
    <subfield code="4">0</subfield>
    <subfield code="7">0</subfield>
    <subfield code="a">FH</subfield>
    <subfield code="b">FH</subfield>
    <subfield code="c">TXT</subfield>
    <subfield code="d">2020-07-15</subfield>
    <subfield code="e">AHUJA PUB</subfield>
    <subfield code="g">325.00</subfield>
    <subfield code="i">SGTU</subfield>
    <subfield code="l">0</subfield>
    <subfield code="o">615.4 A16B</subfield>
    <subfield code="p">FH1213</subfield>
    <subfield code="r">2020-07-15 00:00:00</subfield>
    <subfield code="w">2016-08-09</subfield>
    <subfield code="y">BK</subfield>
    <subfield code="k">7135</subfield>
  </datafield>
  <datafield tag="952" ind1=" " ind2=" ">
    <subfield code="0">0</subfield>
    <subfield code="1">0</subfield>
    <subfield code="2">ddc</subfield>
    <subfield code="4">0</subfield>
    <subfield code="7">0</subfield>
    <subfield code="a">FH</subfield>
    <subfield code="b">FH</subfield>
    <subfield code="c">TXT</subfield>
    <subfield code="d">2020-07-15</subfield>
    <subfield code="e">AHUJA PUB</subfield>
    <subfield code="g">325.00</subfield>
    <subfield code="i">SGTU</subfield>
    <subfield code="l">0</subfield>
    <subfield code="o">615.4 A16B</subfield>
    <subfield code="p">FH1214</subfield>
    <subfield code="r">2020-07-15 00:00:00</subfield>
    <subfield code="w">2016-08-09</subfield>
    <subfield code="y">BK</subfield>
    <subfield code="k">7135</subfield>
  </datafield>
  <datafield tag="952" ind1=" " ind2=" ">
    <subfield code="0">0</subfield>
    <subfield code="1">0</subfield>
    <subfield code="2">ddc</subfield>
    <subfield code="4">0</subfield>
    <subfield code="7">0</subfield>
    <subfield code="a">FH</subfield>
    <subfield code="b">FH</subfield>
    <subfield code="c">TXT</subfield>
    <subfield code="d">2020-07-15</subfield>
    <subfield code="e">AHUJA PUB</subfield>
    <subfield code="g">325.00</subfield>
    <subfield code="i">SGTU</subfield>
    <subfield code="l">0</subfield>
    <subfield code="o">615.4 A16B</subfield>
    <subfield code="p">FH1215</subfield>
    <subfield code="r">2020-07-15 00:00:00</subfield>
    <subfield code="w">2016-08-09</subfield>
    <subfield code="y">BK</subfield>
    <subfield code="k">7135</subfield>
  </datafield>
  <datafield tag="952" ind1=" " ind2=" ">
    <subfield code="0">0</subfield>
    <subfield code="1">0</subfield>
    <subfield code="2">ddc</subfield>
    <subfield code="4">0</subfield>
    <subfield code="7">0</subfield>
    <subfield code="a">FH</subfield>
    <subfield code="b">FH</subfield>
    <subfield code="c">TXT</subfield>
    <subfield code="d">2020-07-15</subfield>
    <subfield code="e">AHUJA PUB</subfield>
    <subfield code="g">325.00</subfield>
    <subfield code="i">SGTU</subfield>
    <subfield code="l">0</subfield>
    <subfield code="o">615.4 A16B</subfield>
    <subfield code="p">FH1216</subfield>
    <subfield code="r">2020-07-15 00:00:00</subfield>
    <subfield code="w">2016-08-09</subfield>
    <subfield code="y">BK</subfield>
    <subfield code="k">7135</subfield>
  </datafield>
  <datafield tag="952" ind1=" " ind2=" ">
    <subfield code="0">0</subfield>
    <subfield code="1">0</subfield>
    <subfield code="2">ddc</subfield>
    <subfield code="4">0</subfield>
    <subfield code="7">0</subfield>
    <subfield code="a">FH</subfield>
    <subfield code="b">FH</subfield>
    <subfield code="c">TXT</subfield>
    <subfield code="d">2020-07-15</subfield>
    <subfield code="e">AHUJA PUB</subfield>
    <subfield code="g">325.00</subfield>
    <subfield code="i">SGTU</subfield>
    <subfield code="l">0</subfield>
    <subfield code="o">615.4 A16B</subfield>
    <subfield code="p">FH1217</subfield>
    <subfield code="r">2020-07-15 00:00:00</subfield>
    <subfield code="w">2016-08-09</subfield>
    <subfield code="y">BK</subfield>
    <subfield code="k">7135</subfield>
  </datafield>
  <datafield tag="952" ind1=" " ind2=" ">
    <subfield code="0">0</subfield>
    <subfield code="1">0</subfield>
    <subfield code="2">ddc</subfield>
    <subfield code="4">0</subfield>
    <subfield code="7">0</subfield>
    <subfield code="a">FH</subfield>
    <subfield code="b">FH</subfield>
    <subfield code="c">TXT</subfield>
    <subfield code="d">2020-07-15</subfield>
    <subfield code="e">AHUJA PUB</subfield>
    <subfield code="g">325.00</subfield>
    <subfield code="i">SGTU</subfield>
    <subfield code="l">0</subfield>
    <subfield code="o">615.4 A16B</subfield>
    <subfield code="p">FH1218</subfield>
    <subfield code="r">2020-07-15 00:00:00</subfield>
    <subfield code="w">2016-08-09</subfield>
    <subfield code="y">BK</subfield>
    <subfield code="k">7135</subfield>
  </datafield>
  <datafield tag="952" ind1=" " ind2=" ">
    <subfield code="0">0</subfield>
    <subfield code="1">0</subfield>
    <subfield code="2">ddc</subfield>
    <subfield code="4">0</subfield>
    <subfield code="7">0</subfield>
    <subfield code="a">FH</subfield>
    <subfield code="b">FH</subfield>
    <subfield code="c">TXT</subfield>
    <subfield code="d">2020-07-15</subfield>
    <subfield code="e">AHUJA PUB</subfield>
    <subfield code="g">325.00</subfield>
    <subfield code="i">SGTU</subfield>
    <subfield code="l">0</subfield>
    <subfield code="o">615.4 A16B</subfield>
    <subfield code="p">FH1219</subfield>
    <subfield code="r">2020-07-15 00:00:00</subfield>
    <subfield code="w">2016-08-09</subfield>
    <subfield code="y">BK</subfield>
    <subfield code="k">7135</subfield>
  </datafield>
  <datafield tag="952" ind1=" " ind2=" ">
    <subfield code="0">0</subfield>
    <subfield code="1">0</subfield>
    <subfield code="2">ddc</subfield>
    <subfield code="4">0</subfield>
    <subfield code="7">0</subfield>
    <subfield code="a">FH</subfield>
    <subfield code="b">FH</subfield>
    <subfield code="c">TXT</subfield>
    <subfield code="d">2020-07-15</subfield>
    <subfield code="e">AHUJA PUB</subfield>
    <subfield code="g">325.00</subfield>
    <subfield code="i">SGTU</subfield>
    <subfield code="l">0</subfield>
    <subfield code="o">615.4 A16B</subfield>
    <subfield code="p">FH1220</subfield>
    <subfield code="r">2020-07-15 00:00:00</subfield>
    <subfield code="w">2016-08-09</subfield>
    <subfield code="y">BK</subfield>
    <subfield code="k">7135</subfield>
  </datafield>
  <datafield tag="999" ind1=" " ind2=" ">
    <subfield code="c">20337</subfield>
    <subfield code="d">20337</subfield>
  </datafield>
</record>
